000 01007nam a2200289 i 4500
001 56338
003 ES-MaACL
005 20230906163335.0
007 t|
008 031007s1973 gw d ||||1| spa d
020 _a84-266-7711-8
080 _a803.0-3=60
080 _a806.0-3=30
100 1 _aSchoen, Th.
_9104607
245 1 0 _aDiccionario moderno Langenscheidt de los idiomas alemán y español.
250 _a4ª ed.
260 _aBerlín :
_bLangenscheidt,
_c1973.
300 _a1024 p. ;
_c19 cm.
505 8 _aContiene: Primera parte. Español-alemán / por Th. Schoen y T. Noeli ; refundición por Dr. Hermann Willers . [Segunda parte. Alemán-español / por Fr. Wiske y T. Noeli]
650 4 _aLengua alemana-
_vDiccionarios-
_xEspañol.
_914082
650 4 _aLengua española-
_vDiccionarios-
_xAlemán.
_914138
700 1 _aNoeli, T.
_985831
700 1 _aWiske, Friedrich.
_9174711
700 1 _aWillers, Hermann.
_9116896
852 4 _aES-MaACL
_jE-5440
852 4 _aES-MaACL
_jL-257
999 _c56338
_d56338